000 00346 a2200157 4500
001 151359
040 _cEscola São Tomás de Aquino
100 _aQUEIRÓS, Bartolomeu Campos de
240 1 0 _aIndez
_lpor
245 1 0 _aIndez
300 _a85
362 0 _a2003
440 1 _aMiguilim
697 _a*LITERATURA INFANTO JUVENIL
942 _cBK
999 _c151359
_d151359